000 00515cam a22002171 4500
001 sa 64006439
003 DLC
005 20260227112039.0
008 890719s1964 ii 000 0 hino
010 _asa 64006439
035 _a(OCoLC)20037122
040 _aDLC
_cWaU
_dDLC
042 _apremarc
050 0 0 _aPK2095.S8
_bZ56
100 1 _aBhushan, Bharat,
_d1949-
245 0 0 _aSūradāsa.
260 _c1964.
300 _a4, 240 p.
_c19 cm.
500 _aIn Hindi.
600 0 0 _aSūradāsa,
_d1483?-1563?
999 _c59698
_d59698